<?xml version="1.0" encoding="UTF-8"?>
<record
    xmlns:xsi="http://www.w3.org/2001/XMLSchema-instance"
    xsi:schemaLocation="http://www.loc.gov/MARC21/slim http://www.loc.gov/standards/marcxml/schema/MARC21slim.xsd"
    xmlns="http://www.loc.gov/MARC21/slim">

  <leader>01205cam a2200253a 44500</leader>
  <controlfield tag="003">OSt</controlfield>
  <controlfield tag="005">20150408113952.0</controlfield>
  <controlfield tag="008">030618s1997 le g b 000r0 ara d</controlfield>
  <datafield tag="040" ind1=" " ind2=" ">
    <subfield code="a">mu</subfield>
    <subfield code="c">ara</subfield>
    <subfield code="b">mb</subfield>
  </datafield>
  <datafield tag="041" ind1=" " ind2=" ">
    <subfield code="a">ara</subfield>
  </datafield>
  <datafield tag="072" ind1=" " ind2="7">
    <subfield code="a">028</subfield>
    <subfield code="x">&#x627;&#x644;&#x634;&#x631;&#x64A;&#x639;&#x629; &#x627;&#x644;&#x625;&#x633;&#x644;&#x627;&#x645;&#x64A;&#x629; &#x648;&#x627;&#x644;&#x641;&#x642;&#x647; &#x627;&#x644;&#x625;&#x633;&#x644;&#x627;&#x645;&#x64A;</subfield>
  </datafield>
  <datafield tag="082" ind1="0" ind2="4">
    <subfield code="a">237.3 </subfield>
  </datafield>
  <datafield tag="092" ind1=" " ind2=" ">
    <subfield code="a">237.3 </subfield>
    <subfield code="b">&#x642; &#x62C; &#x648;</subfield>
  </datafield>
  <datafield tag="100" ind1="1" ind2=" ">
    <subfield code="a">&#x627;&#x628;&#x646; &#x642;&#x64A;&#x645; &#x627;&#x644;&#x62C;&#x648;&#x632;&#x64A;&#x629;&#x60C; &#x645;&#x62D;&#x645;&#x62F; &#x628;&#x646; &#x623;&#x628;&#x64A; &#x628;&#x643;&#x631; &#x628;&#x646; &#x623;&#x64A;&#x648;&#x628;&#x60C;</subfield>
    <subfield code="d">691-751 &#x647;&#x640;.</subfield>
    <subfield code="9">220</subfield>
  </datafield>
  <datafield tag="245" ind1="1" ind2="2">
    <subfield code="a">&#x627;&#x644;&#x648;&#x627;&#x628;&#x644; &#x627;&#x644;&#x635;&#x64A;&#x628; &#x648;&#x631;&#x627;&#x641;&#x639; &#x627;&#x644;&#x643;&#x644;&#x645; &#x627;&#x644;&#x637;&#x64A;&#x628; /</subfield>
    <subfield code="c">&#x62A;&#x623;&#x644;&#x64A;&#x641; &#x634;&#x645;&#x633; &#x627;&#x644;&#x62F;&#x64A;&#x646; &#x623;&#x628;&#x64A; &#x639;&#x628;&#x62F; &#x627;&#x644;&#x644;&#x647; &#x645;&#x62D;&#x645;&#x62F; &#x628;&#x646; &#x627;&#x644;&#x634;&#x64A;&#x62E; &#x623;&#x628;&#x64A; &#x628;&#x643;&#x631; &#x627;&#x644;&#x645;&#x639;&#x631;&#x648;&#x641; &#x627;&#x628;&#x646; &#x642;&#x64A;&#x645; &#x627;&#x644;&#x62C;&#x648;&#x632;&#x64A;&#x629; &#x61B; &#x627;&#x639;&#x62A;&#x646;&#x649; &#x628;&#x647; &#x627;&#x644;&#x623;&#x646;&#x635;&#x627;&#x631;&#x649; &#x627;&#x633;&#x645;&#x627;&#x639;&#x64A;&#x644; &#x645;&#x62D;&#x645;</subfield>
  </datafield>
  <datafield tag="250" ind1=" " ind2=" ">
    <subfield code="a">&#x637;. 3.</subfield>
  </datafield>
  <datafield tag="260" ind1=" " ind2=" ">
    <subfield code="a">&#x627;&#x644;&#x631;&#x64A;&#x627;&#x636;</subfield>
    <subfield code="b">&#x631;&#x626;&#x627;&#x633;&#x629; &#x627;&#x62F;&#x627;&#x631;&#x627;&#x629; &#x627;&#x644;&#x628;&#x62D;&#x648;&#x62B; &#x627;&#x644;&#x639;&#x644;&#x645;&#x64A;&#x629; &#x648;&#x627;&#x644;&#x623;&#x641;&#x62A;&#x627;&#x621; &#x648;&#x627;&#x644;&#x62F;&#x639;&#x648;&#x629; &#x648;&#x627;&#x644;&#x623;&#x631;&#x634;&#x627;&#x62F;</subfield>
    <subfield code="c">2006</subfield>
  </datafield>
  <datafield tag="300" ind1=" " ind2=" ">
    <subfield code="a">320 &#x635;. &#x61B;</subfield>
    <subfield code="c">320 &#x633;&#x645;.  </subfield>
  </datafield>
  <datafield tag="504" ind1=" " ind2=" ">
    <subfield code="a">&#x64A;&#x634;&#x62A;&#x645;&#x644; &#x639;&#x644;&#x649; &#x625;&#x631;&#x62C;&#x627;&#x639;&#x627;&#x62A; &#x628;&#x628;&#x644;&#x64A;&#x648;&#x62C;&#x631;&#x627;&#x641;&#x64A;&#x629;.</subfield>
  </datafield>
  <datafield tag="650" ind1=" " ind2=" ">
    <subfield code="a">&#x627;&#x644;&#x623;&#x62F;&#x639;&#x64A;&#x629; (&#x625;&#x633;&#x644;&#x627;&#x645;)</subfield>
    <subfield code="2">aucsh.1 </subfield>
    <subfield code="9">302</subfield>
  </datafield>
  <datafield tag="650" ind1=" " ind2=" ">
    <subfield code="a">&#x627;&#x644;&#x648;&#x639;&#x638; &#x648;&#x627;&#x644;&#x625;&#x631;&#x634;&#x627;&#x62F; </subfield>
    <subfield code="9">303</subfield>
  </datafield>
  <datafield tag="700" ind1=" " ind2=" ">
    <subfield code="a">&#x627;&#x644;&#x623;&#x646;&#x635;&#x627;&#x631;&#x649; , &#x627;&#x633;&#x645;&#x627;&#x639;&#x64A;&#x644; &#x628;&#x646; &#x645;&#x62D;&#x645;&#x62F;</subfield>
    <subfield code="e">&#x645;&#x639;&#x62A;&#x646;&#x64A;.\\</subfield>
    <subfield code="9">304</subfield>
  </datafield>
  <datafield tag="942" ind1=" " ind2=" ">
    <subfield code="2">ddc</subfield>
    <subfield code="c">BOOK</subfield>
  </datafield>
  <datafield tag="999" ind1=" " ind2=" ">
    <subfield code="c">19096</subfield>
    <subfield code="d">253596</subfield>
  </datafield>
</record>
